000 01077cab a2200253 4500
001 X96329
008 090401t1999 xxu||||| |||| 00| 0 eng d
035 _a(Sirsi) u90966
041 _aeng
245 _aPrudential Assurance Company Ltd. v Waterloo Real Estate Inc.
260 _c1999
350 _a0
490 _aNew Property Cases
_v[1999] 8 NPC, 1-5(5)
520 _aCA 22 January 1999. Title to a short stretch of critically placed party wall is contested on `paper`, on adverse possession, proprietary estoppel and estoppel by convention. The victor (Waterloo) takes one side of the wall by paper title and the other side by adverse possession. The claims based on estoppel are rejected. Headnote from journal - no photocopying allowed.
650 _aADVERSE POSSESSION
650 _aBoundary disputes
_96221
650 _aBOUNDARY WALLS
650 _aESTOPPEL
650 _aParty walls
_96258
650 _aPRUDENTIAL ASSURANCE COMPANY LTD V WATERLOO REAL ESTATE INC
690 _aPROPERTY LAW AND PRACTICE-CASE LAW
942 _n0
948 _c28/01/1999
999 _c57713
_d57713